000 00295nam a22001337a 4500
008 171030b xxu||||| |||| 00| 0 eng d
020 _a9780140264685
041 _aeng
080 _a336
100 _a56
101 _aFIN
245 _aTHE FINANCIAL PEACE PLANNER
_cRAMSEY,D
942 _2udc
_cBK
999 _c36383
_d36383